[Event "13th EICC"]
[Site "Plovdiv BUL"]
[Date "2012.03.21"]
[Round "2.19"]
[White "Bartel, Mateusz"]
[Black "Esen, Baris"]
[Result "0-1"]
[WhiteTitle "GM"]
[BlackTitle "GM"]
[WhiteElo "2665"]
[BlackElo "2555"]
[WhiteFideId "1112635"]
[BlackFideId "6302114"]
[EventDate "2012.03.20"]
[EventType "swiss"]

1. e4 c5 2. Nf3 d6 3. d4 cxd4 4. Nxd4 Nf6 5. Nc3 a6 6. Bg5 e6 7. Qf3 h6 8. Bd2
e5 9. Nf5 Nc6 10. Bc4 Bxf5 11. exf5 Nd4 12. Qxb7 Be7 13. Nd5 Rb8 14. Nxf6+ gxf6
15. Qd5 Nxc2+ 16. Ke2 Rh7 17. Rhc1 Nxa1 18. b4 Qd7 19. Bd3 Rg7 20. h3 Qb7 21.
Qxb7 Rxb7 22. Be4 Rb8 23. Bc6+ Kd8 24. Rxa1 d5 25. Bxd5 Bxb4 26. Bxh6 Rh7 27.
Be3 Ba3 28. Bc4 a5 29. Rd1+ Ke7 30. Rd5 Bb4 31. a3 Bxa3 32. Rxa5 Bd6 33. Ra7+
Kf8 34. g3 Rc8 35. Ba6 Rc7 36. Rxc7 Bxc7 37. h4 Kg7 38. Bc4 Rh8 39. Kf3 Bd6 40.
Bd5 Rc8 41. Be4 Bc5 42. g4 Bd4 43. g5 Bxe3 44. fxe3 Rc4 45. g6 fxg6 46. fxg6 f5
47. Bxf5 Rxh4 48. e4 Kf6 49. Kg3 Rh8 50. Kg4 Rb8 51. Kh4 Rb1 52. Kg4 Rg1+ 53.
Kh4 Rg5 54. Kh3 Kg7 55. Kh4 Kh6 56. Kh3 Kh5 57. Kh2 Kh4 58. Kh1 Kg3 59. Kg1 Kf3+
60. Kh2 Rg3 0-1

[Event "13th EICC"]
[Site "Plovdiv BUL"]
[Date "2012.03.21"]
[Round "2.20"]
[White "Rapport, Richard"]
[Black "Balogh, Csaba"]
[Result "1/2-1/2"]
[WhiteTitle "GM"]
[BlackTitle "GM"]
[WhiteElo "2559"]
[BlackElo "2664"]
[WhiteFideId "738590"]
[BlackFideId "718939"]
[EventDate "2012.03.20"]
[EventType "swiss"]

1. d4 d5 2. c4 c6 3. e3 Bf5 4. Qb3 Qc7 5. cxd5 cxd5 6. Bb5+ Bd7 7. Nc3 e6 8. Bd3
Nc6 9. f4 Na5 10. Qc2 Nf6 11. Nf3 Bb4 12. Ne5 Rc8 13. Bd2 Nc4 14. Rc1 Nxd2 15.
Qxd2 Qa5 16. a3 Bxc3 17. Rxc3 Rxc3 18. Qxc3 Qxc3+ 19. bxc3 h5 20. Ke2 Ng4 21.
Rb1 Nxe5 22. fxe5 Bc6 23. h4 Ke7 24. g3 f6 25. exf6+ gxf6 26. Kf2 f5 27. Be2 Kf6
28. Rg1 Rh7 29. Rb1 Be8 30. Rc1 Rc7 31. Ke1 Rg7 32. Kf2 Rc7 33. Ke1 Rg7 34. Kf2
Rc7 1/2-1/2

[Event "13th EICC"]
[Site "Plovdiv BUL"]
[Date "2012.03.21"]
[Round "2.23"]
[White "Prohaszka, Peter2"]
[Black "Khismatullin, Denis"]
[Result "1/2-1/2"]
[WhiteTitle "GM"]
[BlackTitle "GM"]
[WhiteElo "2553"]
[BlackElo "2656"]
[WhiteFideId "726265"]
[BlackFideId "4142578"]
[EventDate "2012.03.20"]
[EventType "swiss"]

1. d4 e6 2. c4 b6 3. Nf3 Bb7 4. g3 Bb4+ 5. Bd2 Bxf3 6. exf3 Bxd2+ 7. Qxd2 d5 8.
cxd5 exd5 9. Nc3 Ne7 10. Bg2 c6 11. O-O O-O 12. Rfe1 Nd7 13. Qd3 Nf6 14. Re5 Ng6
15. Re3 Qd7 16. Rae1 Rfe8 17. b4 h5 18. b5 Rac8 19. Rxe8+ Rxe8 20. Rxe8+ Qxe8
21. Qe3 Qd7 22. a4 Ne7 23. Qe5 c5 24. dxc5 bxc5 25. a5 d4 26. Ne4 Nxe4 27. fxe4
c4 28. Qb8+ Kh7 29. e5 d3 30. Qb7 Qe6 31. b6 axb6 32. axb6 d2 33. Bf3 Nd5 34.
Kg2 Qxe5 35. Qc6 c3 36. b7 h4 37. Qxd5 h3+ 38. Kxh3 Qxd5 39. Bxd5 d1=Q 40. Be4+
f5 41. Bxf5+ Kh6 42. b8=Q Qh5+ 43. Kg2 Qxf5 44. Qb6+ Kh7 45. Qc6 Qd3 46. h4 c2
47. h5 Qe2 48. Qg6+ Kh8 49. h6 gxh6 50. Qf7 Qe4+ 51. Kh2 h5 52. Qf8+ Kh7 53.
Qf7+ Kh6 54. Qf6+ Qg6 55. Qh8+ Qh7 56. Qf6+ Qg6 1/2-1/2

[Event "13th EICC"]
[Site "Plovdiv BUL"]
[Date "2012.03.21"]
[Round "2.25"]
[White "Maiorov, Nikita1"]
[Black "Sokolov, Ivan"]
[Result "1/2-1/2"]
[WhiteTitle "GM"]
[BlackTitle "GM"]
[WhiteElo "2552"]
[BlackElo "2653"]
[WhiteFideId "13501720"]
[BlackFideId "14400030"]
[EventDate "2012.03.20"]
[EventType "swiss"]

1. d4 d5 2. c4 e6 3. Nc3 Bb4 4. a3 Bxc3+ 5. bxc3 c5 6. e3 Qc7 7. cxd5 exd5 8.
Ra2 Bf5 9. Ne2 Nf6 10. Ng3 Bg6 11. Bb5+ Nbd7 12. O-O O-O 13. f3 cxd4 14. cxd4
Rac8 15. Re1 a6 16. Bf1 b5 17. Rae2 h5 18. Nh1 Nb6 19. Bb2 Na4 20. Nf2 Nxb2 21.
Rxb2 Qa5 22. Ra2 Bc2 23. Qe2 Rfe8 24. Raa1 Rc6 25. Nd3 Bxd3 26. Qxd3 Qc7 27. Qd2
Rc2 28. Qd3 Re6 29. a4 b4 30. a5 Rc3 31. Qd2 h4 32. Ra4 Qe7 33. Bd3 h3 34. gxh3
Nh5 35. Raa1 Qh4 36. Rac1 Rxd3 37. Qxd3 Rg6+ 38. Kf1 Qxh3+ 39. Ke2 b3 40. Kd1
Qxf3+ 41. Qe2 Qh3 42. Qf1 Qd7 43. Rb1 Qa4 44. Qd3 Qxa5 45. Rxb3 Nf6 46. Rb8+ Kh7
47. Qf5 Qa4+ 48. Qc2 Qa3 49. Qc8 Qa1+ 50. Qc1 Qa5 51. Qc8 Qa4+ 52. Qc2 Qa3 53.
Qc8 Rg5 54. Qc1 Qa5 55. Qd2 Qc7 56. Qc2+ Qxc2+ 57. Kxc2 Rg2+ 58. Kb3 Rxh2 59.
Rb7 Kg8 60. Rb8+ Kh7 61. Rb7 Kg8 62. Rb8+ Kh7 63. Rb7 1/2-1/2

[Event "13th EICC"]
[Site "Plovdiv BUL"]
[Date "2012.03.21"]
[Round "2.26"]
[White "Rodshtein, Maxim"]
[Black "Radulski, Julian"]
[Result "0-1"]
[WhiteTitle "GM"]
[BlackTitle "GM"]
[WhiteElo "2652"]
[BlackElo "2552"]
[WhiteFideId "2806851"]
[BlackFideId "2901595"]
[EventDate "2012.03.20"]
[EventType "swiss"]

1. d4 d5 2. c4 e6 3. Nc3 Be7 4. cxd5 exd5 5. Bf4 Nf6 6. e3 O-O 7. Bd3 c5 8. Nge2
Nc6 9. O-O cxd4 10. Nxd4 Nxd4 11. exd4 Bd7 12. Re1 Bc6 13. a3 Re8 14. b4 a6 15.
Qb3 Nh5 16. Be5 Bg5 17. b5 axb5 18. Nxb5 f6 19. Bc7 Qd7 20. g3 Nf4 21. Bf1 Nh3+
22. Kg2 Bd2 23. Red1 Bh6 24. Bb6 Ng5 25. Nc7 Ba4 26. Qb1 Rac8 27. Re1 Rxe1 28.
Qxe1 Rxc7 29. Bxc7 Qxc7 30. Rc1 Qd7 31. f4 Ne4 32. Qa5 Bxf4 33. Qa8+ Kf7 34. Rc8
Bd6 35. Rh8 Kg6 36. Qg8 Ng5 37. Bd3+ f5 38. h4 Ne4 39. h5+ Kf6 40. h6 Ng5 41.
hxg7 Qxg7 0-1

[Event "13th EICC"]
[Site "Plovdiv BUL"]
[Date "2012.03.21"]
[Round "2.27"]
[White "Roiz, Michael"]
[Black "Nikolov, Momchil"]
[Result "1-0"]
[WhiteTitle "GM"]
[BlackTitle "GM"]
[WhiteElo "2652"]
[BlackElo "2550"]
[WhiteFideId "2804158"]
[BlackFideId "2905710"]
[EventDate "2012.03.20"]
[EventType "swiss"]

1. d4 Nf6 2. c4 e6 3. Nc3 Bb4 4. e3 O-O 5. Bd3 d5 6. Nf3 c5 7. O-O Nc6 8. cxd5
exd5 9. dxc5 Bxc5 10. h3 a6 11. b3 Qe7 12. Bb2 Be6 13. Ne2 Ne4 14. Ned4 f5 15.
Rc1 Bd7 16. Nxc6 Bxc6 17. Ne5 Rac8 18. Qe2 Kh8 19. Bd4 Bd6 20. Nxc6 Rxc6 21.
Rfd1 Rcc8 22. Rxc8 Rxc8 23. Qh5 Rf8 24. Bb2 Bc5 25. Bxe4 Qxe4 26. Qg5 Rg8 27.
Rc1 b6 28. h4 Qe6 29. h5 h6 30. Qg6 Qxg6 31. hxg6 a5 32. Bd4 Bxd4 33. exd4 Rb8
34. Rc6 Kg8 35. Rd6 Kf8 36. Rxd5 Ke8 37. Re5+ Kd7 38. Rxf5 1-0

[Event "13th EICC"]
[Site "Plovdiv BUL"]
[Date "2012.03.21"]
[Round "2.28"]
[White "Timofeev, Artyom"]
[Black "Popov, Valerij"]
[Result "1-0"]
[WhiteTitle "GM"]
[BlackTitle "GM"]
[WhiteElo "2650"]
[BlackElo "2546"]
[WhiteFideId "4140419"]
[BlackFideId "4119410"]
[EventDate "2012.03.20"]
[EventType "swiss"]

1. d4 d5 2. c4 c6 3. Nf3 Nf6 4. Nc3 dxc4 5. a4 Bf5 6. e3 e6 7. Bxc4 Bb4 8. O-O
Nbd7 9. Nh4 Bg6 10. Nxg6 hxg6 11. h3 Qa5 12. Na2 Bd6 13. Qe2 Nb6 14. Bb3 Rh4 15.
Bd2 Qf5 16. f4 Qh5 17. Rf3 g5 18. fxg5 Ne4 19. Be1 Nxg5 20. Bxh4 Qxh4 21. Raf1
Nd5 22. Nc3 Nxc3 23. bxc3 Rc8 24. e4 Nxf3+ 25. Qxf3 Rc7 26. e5 Ba3 27. Kh2 Rd7
28. g3 Qh6 29. h4 c5 30. Kh3 cxd4 31. cxd4 Bb2 32. a5 Kd8 33. a6 Bxd4 34. Ba4 b5
35. Qa8+ 1-0

[Event "13th EICC"]
[Site "Plovdiv BUL"]
[Date "2012.03.21"]
[Round "2.30"]
[White "Socko, Bartosz"]
[Black "Grandelius, Nils"]
[Result "0-1"]
[WhiteTitle "GM"]
[BlackTitle "GM"]
[WhiteElo "2647"]
[BlackElo "2545"]
[WhiteFideId "1107038"]
[BlackFideId "1710400"]
[EventDate "2012.03.20"]
[EventType "swiss"]

1. c4 c5 2. Nc3 g6 3. Nf3 Bg7 4. d4 cxd4 5. Nxd4 Nc6 6. Nc2 Bxc3+ 7. bxc3 Qa5 8.
Qd3 Nf6 9. g3 d6 10. Ne3 Be6 11. Bg2 Rc8 12. f4 Qa6 13. O-O Nd7 14. f5 gxf5 15.
Nxf5 Nde5 16. Ng7+ Kd7 17. Qe3 Bxc4 18. Bh3+ Kc7 19. Bxc8 Rxc8 20. Re1 Ng4 21.
Qf4 Bxe2 22. c4 Qxc4 23. Qxc4 Bxc4 24. Bb2 Kd7 25. Rad1 f6 26. a3 Nce5 27. Bxe5
Nxe5 28. Re3 Bf7 29. Nf5 Rc2 30. g4 Be6 31. Nd4 Bxg4 32. Rb1 Rd2 33. Rxb7+ Ke8
34. h3 Rd1+ 35. Kg2 Bd7 36. Rb8+ Kf7 37. Nb5 Rd2+ 38. Kf1 f5 39. Ke1 Rh2 40. Rb7
Bc6 41. Nxd6+ Ke6 42. Rxe7+ Kxe7 43. Nc4 Be4 44. Nxe5 Kd6 45. Nd3 Ra2 46. Nf2
Ke5 47. Rc3 h5 48. h4 Kd4 49. Rb3 a5 50. Kf1 a4 51. Rb4+ Ke3 52. Nxe4 fxe4 53.
Rb5 Rxa3 54. Rxh5 Kd2 55. Rg5 e3 56. Rg2+ Kd3 57. Rg3 Rc3 58. Kg2 Kd2 0-1

[Event "13th EICC"]
[Site "Plovdiv BUL"]
[Date "2012.03.21"]
[Round "2.31"]
[White "Fedoseev, Vladimir3"]
[Black "Ivanisevic, Ivan"]
[Result "1-0"]
[WhiteTitle "GM"]
[BlackTitle "GM"]
[WhiteElo "2548"]
[BlackElo "2645"]
[WhiteFideId "24130737"]
[BlackFideId "912417"]
[EventDate "2012.03.20"]
[EventType "swiss"]

1. d4 d5 2. c4 c6 3. Nf3 Nf6 4. e3 e6 5. Bd3 dxc4 6. Bxc4 Nbd7 7. O-O Bd6 8.
Nbd2 e5 9. Qc2 O-O 10. b3 Qe7 11. h3 exd4 12. exd4 Nb6 13. Re1 Qd8 14. a4 Nbd5
15. Ne5 Nb4 16. Qb1 Nfd5 17. Ndf3 f6 18. Ng4 Kh8 19. Bd2 a5 20. Ne3 g6 21. Re2
Nf4 22. Re1 Bd7 23. Qd1 Re8 24. Bf1 Nbd5 25. Nc4 Bc7 26. Rxe8+ Qxe8 27. Ne3 Qe4
28. Nxd5 cxd5 29. Rc1 Bd6 30. Rc3 g5 31. Re3 Qg6 32. Bc3 g4 33. Ne5 fxe5 34.
dxe5 Bb4 35. Bxb4 axb4 36. e6 Nxe6 37. Qxd5 Qg7 38. hxg4 Rf8 39. Qd2 Nf4 40. Re4
Ng6 41. Rxb4 Bc6 42. Rd4 Qe5 43. a5 Kg7 44. b4 Rf7 45. b5 Be4 46. a6 bxa6 47.
bxa6 Bc6 48. Rd6 Qc5 49. Qb2+ Kf8 50. Rd8+ Ke7 51. Rb8 Rf4 52. Rb7+ Kd6 53. Rxh7
Ne5 54. a7 Ra4 55. Rh6+ Kd7 56. Rh5 Re4 57. Rh7+ Ke6 58. Rh6+ Ke7 59. Rxc6 Qxa7
60. Ra6 Qd4 61. Qa3+ Qb4 62. Ra7+ Kd6 63. Qxb4+ Rxb4 64. f3 Rb2 65. Ra4 Ke6 66.
Re4 Kf6 67. Be2 1-0

[Event "13th EICC"]
[Site "Plovdiv BUL"]
[Date "2012.03.21"]
[Round "2.33"]
[White "Cornette, Matthieu"]
[Black "Lenic, Luka"]
[Result "0-1"]
[WhiteTitle "GM"]
[BlackTitle "GM"]
[WhiteElo "2545"]
[BlackElo "2637"]
[WhiteFideId "620084"]
[BlackFideId "14603853"]
[EventDate "2012.03.20"]
[EventType "swiss"]

1. d4 d5 2. c4 c6 3. Nc3 Nf6 4. Nf3 dxc4 5. a4 Bf5 6. Nh4 e6 7. Nxf5 exf5 8. e3
Bb4 9. Bxc4 O-O 10. O-O Nbd7 11. Qc2 g6 12. f3 Qb6 13. Kh1 c5 14. dxc5 Qxc5 15.
Ba2 Rac8 16. e4 fxe4 17. fxe4 Kg7 18. Bf4 Nh5 19. Rad1 Nxf4 20. Rxd7 Rc7 21.
Rxc7 Qxc7 22. Qf2 Bxc3 23. bxc3 Nd3 24. Qxa7 Qc5 25. Qxc5 Nxc5 26. a5 Nxe4 27.
Bd5 Nd6 28. c4 Rc8 29. g4 Rc5 30. g5 Kf8 31. Rc1 Rxa5 32. c5 b6 33. cxd6 Rxd5
34. Rc6 Kg7 35. h4 h6 36. gxh6+ Kxh6 37. Kg2 b5 38. Kf3 f5 39. Kf4 b4 40. Rb6 b3
41. Rxb3 Rxd6 42. Ke5 Ra6 43. Rb8 Kh5 0-1

[Event "13th EICC"]
[Site "Plovdiv BUL"]
[Date "2012.03.21"]
[Round "2.34"]
[White "Nyback, Tomi"]
[Black "Marin, Mihail"]
[Result "1-0"]
[WhiteTitle "GM"]
[BlackTitle "GM"]
[WhiteElo "2636"]
[BlackElo "2539"]
[WhiteFideId "503142"]
[BlackFideId "1200020"]
[EventDate "2012.03.20"]
[EventType "swiss"]

1. d4 Nf6 2. c4 e6 3. Nf3 b6 4. g3 Bb7 5. Bg2 Bb4+ 6. Bd2 a5 7. O-O O-O 8. Bf4
Be7 9. Qc2 Na6 10. Nc3 d5 11. Ne5 c5 12. dxc5 bxc5 13. Rfd1 Qb6 14. Qb3 Qxb3 15.
axb3 Nb4 16. cxd5 exd5 17. Bg5 Rfd8 18. Nd3 Nc2 19. Bxf6 gxf6 20. Rac1 Nd4 21.
Nf4 Nxb3 22. Rb1 Rab8 23. Nfxd5 Kf8 24. Ne3 Nd4 25. Bxb7 Rxb7 26. Nc4 Rdb8 27.
e3 Nf3+ 28. Kg2 Ne5 29. Nxe5 fxe5 30. Rd2 c4 31. Rc2 f5 32. Nd5 Rc8 33. Rbc1 Rc5
34. Nxe7 Kxe7 35. Rxc4 Rxc4 36. Rxc4 Rxb2 37. Rc5 Kf6 38. Rxa5 e4 39. h3 h5 40.
Ra6+ Kg7 41. g4 f4 42. exf4 e3 43. Re6 exf2 44. Re3 h4 45. Rf3 f1=Q+ 46. Kxf1
Rh2 47. Rc3 Kf7 48. Kg1 Ra2 49. Rc7+ Ke6 50. Rh7 Kd5 51. Rxh4 Ke4 52. g5 Kf3 53.
Rg4 Ra1+ 54. Kh2 Ra2+ 55. Kh1 Ra1+ 56. Rg1 Ra3 57. g6 1-0

[Event "13th EICC"]
[Site "Plovdiv BUL"]
[Date "2012.03.21"]
[Round "2.36"]
[White "Pap, Gyula"]
[Black "Khenkin, Igor"]
[Result "1-0"]
[WhiteTitle "GM"]
[BlackTitle "GM"]
[WhiteElo "2538"]
[BlackElo "2632"]
[WhiteFideId "725323"]
[BlackFideId "4659600"]
[EventDate "2012.03.20"]
[EventType "swiss"]

1. c4 e6 2. Nc3 d5 3. d4 Bb4 4. cxd5 exd5 5. a3 Bxc3+ 6. bxc3 Ne7 7. e3 O-O 8.
Bd3 Bf5 9. Ne2 Nbc6 10. O-O Na5 11. Rb1 c6 12. a4 Re8 13. f3 Bxd3 14. Qxd3 f5
15. Ng3 Qd7 16. Ba3 g6 17. e4 fxe4 18. fxe4 Nc4 19. Bc1 Kg7 20. Bh6+ Kxh6 21.
Rf7 Rf8 22. Nf5+ Qxf5 23. Rxf5 gxf5 24. Rxb7 Rf7 25. Qg3 fxe4 26. Rxe7 Raf8 27.
h4 1-0

[Event "13th EICC"]
[Site "Plovdiv BUL"]
[Date "2012.03.21"]
[Round "2.37"]
[White "Guliyev, Namig"]
[Black "Erdos, Viktor"]
[Result "1/2-1/2"]
[WhiteTitle "GM"]
[BlackTitle "GM"]
[WhiteElo "2532"]
[BlackElo "2631"]
[WhiteFideId "13400363"]
[BlackFideId "719978"]
[EventDate "2012.03.20"]
[EventType "swiss"]

1. e4 e5 2. Nf3 Nc6 3. Bb5 a6 4. Ba4 Nge7 5. O-O g6 6. c3 Bg7 7. d4 exd4 8. cxd4
b5 9. Bb3 O-O 10. Nc3 Na5 11. Bg5 h6 12. Bxe7 Qxe7 13. Nd5 Qd8 14. Rc1 Ra7 15.
Re1 d6 16. h3 Kh7 17. Re2 c6 18. Nb4 Re7 19. Rxc6 Bb7 20. d5 Rfe8 21. Rc1 Nxb3
22. Qxb3 Rxe4 23. Nc6 Qd7 24. Rxe4 Rxe4 25. Qd3 Qf5 26. Rc2 Bc8 27. b3 Bd7 28.
Rd2 Bf6 29. Nb8 Bc8 30. Qc2 Rf4 31. Qxf5 Rxf5 32. Rc2 Bb7 33. Rc7 Bxd5 34. Nxa6
Bxf3 35. gxf3 Bd4 36. Kg2 Rg5+ 37. Kf1 Rf5 38. Kg2 Rg5+ 39. Kf1 Rf5 40. Kg2 1/2-1/2

[Event "13th EICC"]
[Site "Plovdiv BUL"]
[Date "2012.03.21"]
[Round "2.42"]
[White "Yilmaz, Mustafa"]
[Black "Khairullin, Ildar"]
[Result "0-1"]
[WhiteTitle "IM"]
[BlackTitle "GM"]
[WhiteElo "2530"]
[BlackElo "2626"]
[WhiteFideId "6302718"]
[BlackFideId "4151348"]
[EventDate "2012.03.20"]
[EventType "swiss"]

1. d4 d5 2. c4 c6 3. Nf3 Nf6 4. Nc3 dxc4 5. a4 e6 6. e4 Bb4 7. Bg5 Bxc3+ 8. bxc3
Qa5 9. e5 Ne4 10. Bd2 Nxd2 11. Qxd2 c5 12. Bxc4 cxd4 13. O-O dxc3 14. Qf4 Nc6
15. Bd3 Bd7 16. Ng5 O-O-O 17. Rfe1 Qc7 18. Qe3 Be8 19. Bb5 Nd4 20. Rec1 Bxb5 21.
axb5 Nxb5 22. Nxf7 Qxf7 23. Qc5+ Kb8 24. Qxb5 Rd2 25. Qc5 b6 26. Qe3 Rhd8 0-1

[Event "13th EICC"]
[Site "Plovdiv BUL"]
[Date "2012.03.21"]
[Round "2.43"]
[White "Mchedlishvili, Mikheil"]
[Black "Rasulov, Vugar"]
[Result "1/2-1/2"]
[WhiteTitle "GM"]
[BlackTitle "GM"]
[WhiteElo "2626"]
[BlackElo "2526"]
[WhiteFideId "13600966"]
[BlackFideId "13402390"]
[EventDate "2012.03.20"]
[EventType "swiss"]

1. d4 Nf6 2. Nf3 g6 3. c4 Bg7 4. Nc3 O-O 5. e4 d6 6. Be2 Bg4 7. Be3 Nfd7 8. h4
Nc6 9. d5 Na5 10. Rc1 c5 11. Nd2 Bxe2 12. Qxe2 Re8 13. h5 e6 14. hxg6 hxg6 15.
Kf1 exd5 16. cxd5 a6 17. g3 b5 18. Kg2 Nf6 19. Rh4 Re5 20. Rch1 Rh5 21. Rxh5
Nxh5 22. Qg4 Nc4 23. Nxc4 bxc4 24. Bg5 Qe8 25. Qe2 Rb8 26. Bc1 Bd4 27. Re1 Qe5
28. Qxc4 f5 29. f4 Qf6 30. Qd3 Re8 31. Bd2 Rb8 32. b3 Re8 33. Re2 Qf7 34. exf5
Rxe2+ 35. Nxe2 Qxd5+ 36. Qf3 Qxf3+ 37. Kxf3 gxf5 38. Nxd4 cxd4 39. g4 fxg4+ 40.
Kxg4 Nf6+ 41. Kf3 Kf7 42. f5 d5 43. Bf4 Nd7 44. Bg5 Nc5 45. Bd8 Ne4 46. b4 d3
47. a4 d4 48. b5 axb5 49. axb5 Nc3 50. Bg5 1/2-1/2

[Event "13th EICC"]
[Site "Plovdiv BUL"]
[Date "2012.03.21"]
[Round "2.44"]
[White "Heberla, Bartlomiej"]
[Black "Mamedov, Rauf"]
[Result "1/2-1/2"]
[WhiteTitle "GM"]
[BlackTitle "GM"]
[WhiteElo "2525"]
[BlackElo "2624"]
[WhiteFideId "1115120"]
[BlackFideId "13401653"]
[EventDate "2012.03.20"]
[EventType "swiss"]

1. e4 c5 2. Nf3 d6 3. d4 Nf6 4. Nc3 cxd4 5. Nxd4 Nc6 6. Be2 g6 7. O-O Bg7 8. Be3
O-O 9. Qd2 Bd7 10. Rad1 Rc8 11. h3 a6 12. a3 b5 13. Rfe1 Qc7 14. Bf1 Qb7 15. f3
Rfe8 16. Nxc6 Bxc6 17. Nd5 Nd7 18. c3 Ne5 19. Qf2 f5 20. Qh4 fxe4 21. fxe4 Bxd5
22. exd5 Rf8 23. Be2 Rf5 24. Qe4 Rcf8 25. Rf1 e6 26. Qb4 Rxf1+ 27. Bxf1 Qe7 28.
Qb3 exd5 29. Qxd5+ Kh8 30. Bf2 Qf6 31. Be3 Qe7 32. Bb6 Nf7 33. Bd4 Ne5 34. Bb6
Nf7 35. Bd4 Ne5 36. Qe4 Qe6 37. Be3 Re8 38. Qd5 Nc4 39. Qxe6 Rxe6 40. Bc1 Nb6
41. Kf2 Be5 42. Be3 Na4 43. Bc1 Kg7 44. Be2 Re7 45. Bf3 Nb6 46. Bg5 Rf7 47. Ke2
Na4 48. Rd2 Nb6 49. Rd1 Na4 50. Rd2 Nb6 51. Rd1 1/2-1/2

[Event "13th EICC"]
[Site "Plovdiv BUL"]
[Date "2012.03.21"]
[Round "2.45"]
[White "Salgado Lopez, Ivan"]
[Black "Pridorozhni, Aleksei"]
[Result "1/2-1/2"]
[WhiteTitle "GM"]
[BlackTitle "GM"]
[WhiteElo "2621"]
[BlackElo "2524"]
[WhiteFideId "2257327"]
[BlackFideId "4127870"]
[EventDate "2012.03.20"]
[EventType "swiss"]

1. e4 e5 2. Nf3 Nc6 3. Bb5 Nf6 4. d3 d6 5. c3 Be7 6. Nbd2 O-O 7. O-O a6 8. Ba4
Nd7 9. Bc2 Nb6 10. d4 Bf6 11. d5 Ne7 12. c4 a5 13. b3 Ng6 14. Re1 Be7 15. Rb1 f5
16. exf5 Bxf5 17. Bxf5 Rxf5 18. Ne4 Nd7 19. Be3 b6 20. g3 Ngf8 21. Nfd2 Qe8 22.
Nc3 Qg6 23. Nb5 Rc8 24. Na7 Re8 25. Nc6 Bg5 26. Bxg5 Qxg5 27. Ne4 Qg6 28. Rb2 h5
29. h4 Nh7 30. Rbe2 Ndf6 31. Nc3 Ng4 32. Kg2 Qf7 33. Ne4 Rf8 34. Qd2 Ngf6 35.
Nc3 Ng4 36. Ne4 Ngf6 37. Nc3 Ng4 1/2-1/2

[Event "13th EICC"]
[Site "Plovdiv BUL"]
[Date "2012.03.21"]
[Round "2.47"]
[White "Andriasian, Zaven"]
[Black "Onischuk, Vladimir"]
[Result "1/2-1/2"]
[WhiteTitle "GM"]
[BlackTitle "GM"]
[WhiteElo "2616"]
[BlackElo "2516"]
[WhiteFideId "13302000"]
[BlackFideId "14114038"]
[EventDate "2012.03.20"]
[EventType "swiss"]

1. e4 d6 2. d4 Nf6 3. Nc3 g6 4. h3 Bg7 5. Be3 c6 6. f4 Qa5 7. Qd2 b5 8. e5 b4 9.
exf6 bxc3 10. fxg7 cxd2+ 11. Bxd2 Qxd2+ 12. Kxd2 Rg8 13. g4 Nd7 14. Bg2 Bb7 15.
Re1 Rb8 16. c4 c5 17. d5 Rxg7 18. g5 f5 19. Bf3 e5 20. dxe6 Nb6 21. Bxb7 Rgxb7
22. b3 d5 23. h4 dxc4 24. h5 gxh5 25. Rxh5 cxb3 26. axb3 Nd5 27. e7 Rxe7 28. g6
Rxe1 29. gxh7 Kf7 30. Kxe1 Kg7 31. Rxf5 Nf6 32. Rxc5 Kxh7 33. Rc3 Kg6 34. Ne2
Kf5 35. Rc5+ Kg4 36. Rg5+ Kf3 37. Rg3+ Ke4 38. Kf2 Nd5 39. Rg5 Re8 40. Ng3+ Kd4
41. Nf5+ Kc3 42. Rg3+ Kb4 43. Rd3 Nxf4 44. Rd4+ Kxb3 45. Rxf4 1/2-1/2

[Event "13th EICC"]
[Site "Plovdiv BUL"]
[Date "2012.03.21"]
[Round "2.48"]
[White "Goganov, Aleksey"]
[Black "Guseinov, Gadir"]
[Result "1/2-1/2"]
[WhiteTitle "IM"]
[BlackTitle "GM"]
[WhiteElo "2517"]
[BlackElo "2616"]
[WhiteFideId "24109959"]
[BlackFideId "13401378"]
[EventDate "2012.03.20"]
[EventType "swiss"]

1. d4 Nf6 2. c4 g6 3. Nc3 Bg7 4. e4 d6 5. Nf3 O-O 6. Be2 c5 7. d5 e5 8. Bg5 h6
9. Bh4 g5 10. Bg3 Nh5 11. Nd2 Nf4 12. O-O f5 13. exf5 Bxf5 14. Nde4 Qe7 15. Bd3
Nxd3 16. Qxd3 Nd7 17. f3 Rf7 18. Rab1 Raf8 19. Qe3 Nf6 20. b4 b6 21. bxc5 bxc5
22. Rb3 Nxe4 23. Nxe4 g4 24. Rf2 gxf3 25. Rxf3 Bg6 26. Qe1 Rf4 27. Nd2 Rxf3 28.
gxf3 h5 29. Ne4 Bxe4 30. Qxe4 Qg5 31. Qe3 Qg6 32. Qe4 Qg5 33. Qe3 Qg6 34. Qe4 1/2-1/2

[Event "13th EICC"]
[Site "Plovdiv BUL"]
[Date "2012.03.21"]
[Round "2.50"]
[White "Djukic, Nikola"]
[Black "Kuzubov, Yuriy"]
[Result "0-1"]
[WhiteTitle "GM"]
[BlackTitle "GM"]
[WhiteElo "2513"]
[BlackElo "2615"]
[WhiteFideId "922412"]
[BlackFideId "14112906"]
[EventDate "2012.03.20"]
[EventType "swiss"]

1. e4 c5 2. Nf3 d6 3. d4 cxd4 4. Nxd4 Nf6 5. Nc3 a6 6. Be3 e5 7. Nb3 Be6 8. f3
h5 9. Qd2 Nbd7 10. O-O-O Be7 11. Kb1 Rc8 12. g3 Qc7 13. Nd5 Nxd5 14. exd5 Bf5
15. Bd3 Bxd3 16. Qxd3 Qc4 17. Qd2 b6 18. h3 a5 19. a3 O-O 20. g4 h4 21. g5 Rc7
22. Qd3 Qxd3 23. Rxd3 f5 24. gxf6 Rxf6 25. Nd2 Rg6 26. Rg1 Rxg1+ 27. Bxg1 Rc8
28. Rb3 Rf8 29. Bxb6 a4 30. Rb4 Nxb6 31. Rxb6 e4 32. fxe4 g5 33. e5 g4 34. exd6
Bg5 35. d7 Kh7 36. Ne4 Bd8 37. Rb4 gxh3 38. Rd4 Rf1+ 0-1

[Event "13th EICC"]
[Site "Plovdiv BUL"]
[Date "2012.03.21"]
[Round "2.51"]
[White "Mastrovasilis, Athanasios"]
[Black "Howell, David W L"]
[Result "1/2-1/2"]
[WhiteTitle "GM"]
[BlackTitle "GM"]
[WhiteElo "2510"]
[BlackElo "2614"]
[WhiteFideId "4201990"]
[BlackFideId "410608"]
[EventDate "2012.03.20"]
[EventType "swiss"]

1. d4 Nf6 2. c4 e6 3. Nc3 Bb4 4. e3 c5 5. Bd3 d5 6. Nf3 cxd4 7. exd4 dxc4 8.
Bxc4 O-O 9. O-O b6 10. Bg5 Bb7 11. Ne5 Nc6 12. Ba6 Bxa6 13. Nxc6 Qd6 14. Bxf6
gxf6 15. Qg4+ Kh8 16. Qh4 Qxc6 17. Qxf6+ Kg8 18. Qg5+ Kh8 19. Qf6+ Kg8 20. Qg5+
Kh8 21. Qf6+ 1/2-1/2

[Event "13th EICC"]
[Site "Plovdiv BUL"]
[Date "2012.03.21"]
[Round "2.52"]
[White "Parligras, Mircea-Emilian"]
[Black "Huschenbeth, Niclas"]
[Result "1-0"]
[WhiteTitle "GM"]
[BlackTitle "GM"]
[WhiteElo "2614"]
[BlackElo "2509"]
[WhiteFideId "1204297"]
[BlackFideId "24604747"]
[EventDate "2012.03.20"]
[EventType "swiss"]

1. d4 Nf6 2. c4 e6 3. Nc3 Bb4 4. Qc2 O-O 5. a3 Bxc3+ 6. Qxc3 d5 7. Nf3 dxc4 8.
Qxc4 b6 9. Bg5 Ba6 10. Qa4 h6 11. Bh4 c5 12. dxc5 bxc5 13. Rc1 Qb6 14. Bxf6 gxf6
15. Rc2 c4 16. e3 Bb5 17. Qb4 Na6 18. Qc3 Rfc8 19. Qxf6 Nc5 20. Qxh6 Qa5+ 21.
Rc3 Na4 22. Ng5 Rc7 23. Ne4 f6 24. Qxf6 Nxc3 25. Qxe6+ Rf7 26. Nxc3 a6 27. Be2
Qc7 28. Bh5 1-0